UBT Library

4 (Record no. 35809)

000 -LEADER
fixed length control field 00227nam a22001217a 4500
008 - FIXED-LENGTH DATA ELEMENTS--GENERAL INFORMATION
fixed length control field 171024b xxu||||| |||| 00| 0 eng d
041 ## - LANGUAGE CODE
Language code of text/sound track or separate title eng
080 ## - UNIVERSAL DECIMAL CLASSIFICATION NUMBER
Universal Decimal Classification number 4
100 ## - Rafti
Rafti 4
101 ## - Shkurtesa
Shkurtesa 4
245 ## - TITLE STATEMENT
Title 4
Statement of responsibility, etc 4
942 ## - ADDED ENTRY ELEMENTS (KOHA)
Source of classification or shelving scheme
Item type Books

No items available.

UBT Library © 2015-2024. All rights reserved University Education for Business and Technology